Interior architecture / (Record no. 8677)

000 -LEADER
fixed length control field 00877pam a2200265 a 4500
003 - CONTROL NUMBER IDENTIFIER
control field OSt
005 - DATE AND TIME OF LATEST TRANSACTION
control field 20201209164142.0
008 - FIXED-LENGTH DATA ELEMENTS--GENERAL INFORMATION
fixed length control field 911122s1993 nyua b 001 0 eng
010 ## - LIBRARY OF CONGRESS CONTROL NUMBER
LC control number 91044989
020 ## - INTERNATIONAL STANDARD BOOK NUMBER
International Standard Book Number 0442246692
040 ## - CATALOGING SOURCE
Original cataloging agency DLC
Transcribing agency DLC
Modifying agency DLC
050 00 - LIBRARY OF CONGRESS CALL NUMBER
Classification number NA2850
Item number .K85 1993
082 00 - DEWEY DECIMAL CLASSIFICATION NUMBER
Classification number 729
Edition number 20
100 1# - MAIN ENTRY--PERSONAL NAME
Personal name Kurtich, John.
245 10 - TITLE STATEMENT
Title Interior architecture /
Statement of responsibility, etc John Kurtich, Garret Eakin.
260 ## - PUBLICATION, DISTRIBUTION, ETC. (IMPRINT)
Place of publication, distribution, etc New York :
Name of publisher, distributor, etc Van Nostrand Reinhold,
Date of publication, distribution, etc c1993.
300 ## - PHYSICAL DESCRIPTION
Extent ix, 485 p. :
Other physical details ill. (some col.) ;
Dimensions 29 cm.
504 ## - BIBLIOGRAPHY, ETC. NOTE
Bibliography, etc Includes bibliographical references and index.
650 #0 - SUBJECT ADDED ENTRY--TOPICAL TERM
Topical term or geographic name as entry element Interior architecture.
650 #0 - SUBJECT ADDED ENTRY--TOPICAL TERM
Topical term or geographic name as entry element Interior decoration.
700 1# - ADDED ENTRY--PERSONAL NAME
Personal name Eakin, Garret.
906 ## - LOCAL DATA ELEMENT F, LDF (RLIN)
a 7
b cbc
c orignew
d 1
e ocip
f 19
g y-gencatlg
942 ## - ADDED ENTRY ELEMENTS (KOHA)
Source of classification or shelving scheme
955 ## - COPY-LEVEL INFORMATION (RLIN)
Classification number, CCAL (RLIN) pc18 to br00 11-22-91; br36/br28 to SCD 11-26-91; fc21 11-27-91; fq21 12-03-91; CIP ver. pv07 04-20-93
Holdings
Withdrawn status Lost status Source of classification or shelving scheme Damaged status Koha normalized classification for sorting Not for loan Permanent location Current location Date acquired Full call number Barcode Date last seen Price effective from Koha item type
        729_000000000000000   BMS College of Architecture, Design and Planning BMS College of Architecture, Design and Planning 2020-12-09 729 AR-UG1947 2020-12-09 2020-12-09 UG Books
Copyright © 2025, The Librarian, Library and Information Centre, BMSCA D&P, Bengaluru. All Rights Reserved
web counter

Powered by Koha